000 00653nam a2200265Ia 4500
005 20260324153146.0
008 008 260324s9999 xx 000 0 eng d
020 _a9780081012710
037 _aEBOOK
040 _aCRL
040 _beng
040 _cCRL
041 _2eng
041 _aeng
084 _qCRL
100 _aGoldade, VictorGoldade, Victor
_91230746
245 0 _aCrazing Technology for Polyester Fibers
260 _bElsevier
260 _c2017
650 _aMaterials Science
856 _uhttps://www.sciencedirect.com/science/book/9780081012710
942 _cEBOOK
999 _c1841997
_d1841997